[Event "La Cumbre"]
[Site "La Cumbre"]
[Date "2019.09.09"]
[Round "2"]
[White "Lammers, Anton"]
[Black "Lorenzini, Martin"]
[Result "1/2-1/2"]
[WhiteElo "1904"]
[BlackElo "2421"]
[PlyCount "114"]
[EventDate "2019.09.09"]
[EventType "tourn"]
[EventRounds "9"]
[EventCountry "ARG"]
[EventCategory "1"]
[SourceTitle "EXT 2020"]
[Source "ChessBase"]
[SourceDate "2019.10.17"]
[SourceVersion "1"]
[SourceVersionDate "2019.10.17"]
[SourceQuality "1"]

1. e4 d6 2. d4 Nf6 3. Nc3 Nbd7 4. Nf3 e5 5. Be3 Be7 6. h3 c6 7. a4 0-0 8. Bd3 a5 9. 0-0 Re8 10. Qd2 Qc7 11. Rad1 Nf8 12. d5 Ng6 13. b3 Bd7 14. Nh2 Rac8 15. f3 Nh5 16. Ne2 cxd5 17. exd5 Bh4 18. c4 Ng3 19. Nxg3 Bxg3 20. Bxg6 hxg6 21. Bf2 Bf4 22. Be3 g5 23. Qf2 Bxe3 24. Qxe3 f6 25. Rfe1 Bf5 26. Rc1 Kf7 27. Nf1 Rh8 28. Rc3 Rh4 29. Ng3 Bg6 30. Rec1 b6 31. Kf2 Rch8 32. Rh1 f5 33. Qe2 Qc5+ 34. Ke1 Rd4 35. Rf1 Rxd5 36. Ne4 fxe4 37. fxe4+ Kg8 38. exd5 Qb4 39. Qd2 Rh4 40. Kf2 Rd4 41. Qc1 Qc5 42. Qe3 Bd3 43. Re1 Rf4+ 44. Kg1 Re4 45. Rxd3 Rxe3 46. Rdxe3 g4 47. Kh2 Qd4 48. hxg4 Kh7 49. Kh3 Kh6 50. Rf3 g6 51. Rfe3 Kg5 52. R3e2 Qf4 53. g3 Qf3 54. Re3 Qxg4+ 55. Kg2 Qd4 56. R1e2 Qd1 57. Re1 Qd4 1/2-1/2

[Event "La Cumbre"]
[Site "La Cumbre"]
[Date "2019.09.09"]
[Round "1"]
[White "Lorenzini, Martin"]
[Black "Ocantos, Manuel"]
[Result "1/2-1/2"]
[WhiteElo "2421"]
[BlackElo "2239"]
[PlyCount "114"]
[EventDate "2019.09.09"]
[EventType "tourn"]
[EventRounds "9"]
[EventCountry "ARG"]
[EventCategory "1"]
[SourceTitle "EXT 2020"]
[Source "ChessBase"]
[SourceDate "2019.10.17"]
[SourceVersion "1"]
[SourceVersionDate "2019.10.17"]
[SourceQuality "1"]

1. d4 Nf6 2. Nf3 g6 3. Bg5 Bg7 4. c3 0-0 5. Nbd2 d6 6. e4 c5 7. Bd3 cxd4 8. cxd4 Nc6 9. h3 Bd7 10. a3 Rc8 11. 0-0 a6 12. Be3 b5 13. Qe2 Qc7 14. Nb3 Na5 15. Rac1 Qd8 16. Rxc8 Bxc8 17. Nbd2 e6 18. b4 Nc6 19. Nb3 Bb7 20. Rc1 Qa8 21. Bd2 Nd7 22. Bc3 Rc8 23. Bd2 h6 24. Be3 Ne7 25. Rxc8+ Qxc8 26. Bf4 e5 27. Bd2 exd4 28. Nbxd4 Nc6 29. Nb3 Nde5 30. Nxe5 Nxe5 31. Na5 Ba8 32. f3 d5 33. exd5 Bxd5 34. Be4 Bxe4 35. Qxe4 Nc4 36. Nxc4 bxc4 37. Bc1 c3 38. Kf2 Kh7 39. Ke2 Qc7 40. Kd1 Qd7+ 41. Ke2 Qa4 42. Ke1 Qb3 43. g4 Qa2 44. Kd1 Qb3+ 45. Qc2 Qd5+ 46. Ke2 Qe5+ 47. Kf1 Qg3 48. Qg2 Qd6 49. Ke1 Qd3 50. Qe2 Qd5 51. Qe4 Qb3 52. Ke2 Qa2+ 53. Kd1 Qb3+ 54. Qc2 Qc4 55. Qe2 Qb3+ 56. Qc2 Qc4 57. Qe2 Qb3+ 1/2-1/2

[Event "ARG-ch sf 94th"]
[Site "Buenos Aires"]
[Date "2019.04.05"]
[Round "7"]
[White "Lorenzini, Martin"]
[Black "Villegas, Franco"]
[Result "1-0"]
[WhiteElo "2436"]
[BlackElo "2231"]
[PlyCount "94"]
[EventDate "2019.03.30"]
[EventType "swiss"]
[EventRounds "9"]
[EventCountry "ARG"]
[SourceTitle "CBM 189 Extra"]
[Source "ChessBase"]
[SourceDate "2019.05.31"]
[SourceVersion "1"]
[SourceVersionDate "2019.05.31"]
[SourceQuality "1"]

1. e4 c5 2. Nf3 e6 3. c3 Nf6 4. e5 Nd5 5. g3 d6 6. exd6 Bxd6 7. Bg2 0-0 8. 0-0 Nc6 9. d4 cxd4 10. Nxd4 Nxd4 11. Qxd4 Qc7 12. Nd2 Rd8 13. Qc4 Bc5 14. Qe2 Bd7 15. Nb3 Bb6 16. c4 Nf6 17. Bf4 Qc8 18. Be5 Bc6 19. Bh3 Qd7 20. Rad1 Qe7 21. Nd4 Bxd4 22. Rxd4 Rxd4 23. Bxd4 b6 24. Rd1 Rd8 25. Be5 Rxd1+ 26. Qxd1 Nd7 27. Qd6 Qxd6 28. Bxd6 f5 29. f4 Nf6 30. Bf1 Ne4 31. Bc7 Nd2 32. Be2 Nf3+ 33. Kf2 Nxh2 34. b4 Ng4+ 35. Bxg4 fxg4 36. b5 Bb7 37. Bb8 a6 38. a4 axb5 39. axb5 Be4 40. Ke3 Bg2 41. Bc7 Bf1 42. Kd4 Kf7 43. Bxb6 Ke8 44. Kc3 Kd7 45. Bd4 g6 46. Kb4 Bg2 47. c5 h5 1-0

[Event "ARG-ch sf 94th"]
[Site "Buenos Aires"]
[Date "2019.04.01"]
[Round "3"]
[White "Lorenzini, Martin"]
[Black "Coro, Lucas"]
[Result "0-1"]
[WhiteElo "2436"]
[BlackElo "2276"]
[PlyCount "66"]
[EventDate "2019.03.30"]
[EventType "swiss"]
[EventRounds "9"]
[EventCountry "ARG"]
[SourceTitle "CBM 189 Extra"]
[Source "ChessBase"]
[SourceDate "2019.05.31"]
[SourceVersion "1"]
[SourceVersionDate "2019.05.31"]
[SourceQuality "1"]

1. e4 c5 2. Nf3 e6 3. d3 Nc6 4. g3 d5 5. Qe2 Nf6 6. Bg2 Be7 7. 0-0 b6 8. e5 Nd7 9. c4 d4 10. Na3 Bb7 11. Re1 a6 12. Nc2 Qc7 13. Bd2 h6 14. a3 g5 15. h3 Bf8 16. b4 Bg7 17. Rab1 Rb8 18. Nh2 Ncxe5 19. Bxb7 Rxb7 20. f4 Ng6 21. Qg4 Nf6 22. Qf3 gxf4 23. Bxf4 Nxf4 24. gxf4 Rb8 25. f5 0-0 26. Re2 Kh8 27. fxe6 fxe6 28. Rxe6 Nh7 29. Qg2 Ng5 30. Re2 Qd7 31. Ng4 Ne6 32. Rf2 h5 33. Re1 hxg4 0-1

[Event "Villa Constitucion op"]
[Site "Villa Constitucion"]
[Date "2018.09.02"]
[Round "5"]
[White "Toniutti, Ezio"]
[Black "Lorenzini, Martin"]
[Result "1/2-1/2"]
[WhiteElo "2291"]
[BlackElo "2430"]
[PlyCount "72"]
[EventDate "2018.08.31"]
[EventType "swiss"]
[EventRounds "6"]
[EventCountry "ARG"]
[SourceTitle "CBM 186 Extra"]
[Source "ChessBase"]
[SourceDate "2018.08.24"]
[SourceVersion "1"]
[SourceVersionDate "2018.08.24"]
[SourceQuality "1"]

1. d4 d5 2. c4 e6 3. g3 Nf6 4. Nf3 Bb4+ 5. Bd2 Bd6 6. Bg2 c6 7. 0-0 Nbd7 8. b3 Ne4 9. Bc1 Qe7 10. Qc2 0-0 11. Bb2 f5 12. Nbd2 b6 13. Ne5 Bb7 14. Ndf3 Ndf6 15. Rac1 Rac8 16. Nd3 c5 17. dxc5 bxc5 18. Nfe5 d4 19. e3 dxe3 20. f3 Ng5 21. Qe2 Nd7 22. Nxd7 Qxd7 23. Qxe3 Nf7 24. Rcd1 Rfe8 25. Rfe1 Qc7 26. f4 Bxg2 27. Kxg2 a5 28. Ne5 a4 29. Rd3 axb3 30. axb3 Rcd8 31. Red1 Bxe5 32. Rxd8 Rxd8 33. Rxd8+ Qxd8 34. Bxe5 Qa8+ 35. Kh3 Nxe5 36. Qxe5 Qc6 1/2-1/2

[Event "Villa Constitucion op"]
[Site "Villa Constitucion"]
[Date "2018.09.01"]
[Round "3"]
[White "Alvarez, Leandro"]
[Black "Lorenzini, Martin"]
[Result "0-1"]
[WhiteElo "2111"]
[BlackElo "2430"]
[PlyCount "108"]
[EventDate "2018.08.31"]
[EventType "swiss"]
[EventRounds "6"]
[EventCountry "ARG"]
[SourceTitle "CBM 186 Extra"]
[Source "ChessBase"]
[SourceDate "2018.08.24"]
[SourceVersion "1"]
[SourceVersionDate "2018.08.24"]
[SourceQuality "1"]

1. e4 e5 2. Nf3 Nc6 3. Bb5 a6 4. Bxc6 dxc6 5. 0-0 Qd6 6. d4 exd4 7. Qxd4 Qxd4 8. Nxd4 Bd7 9. Nb3 0-0-0 10. Be3 b6 11. N1d2 Ne7 12. a4 a5 13. Rfd1 c5 14. Nc4 Nc6 15. c3 Be7 16. Kf1 f5 17. e5 Be6 18. Rxd8+ Rxd8 19. Nbd2 g5 20. f4 g4 21. Ke2 h5 22. Bf2 Bd5 23. Ne3 Be6 24. Nec4 Rg8 25. Ne3 Bd8 26. g3 Ne7 27. Rd1 h4 28. b3 Rh8 29. c4 Nc6 30. Nd5 Nd4+ 31. Bxd4 cxd4 32. Kd3 c6 33. Nf6 Bxf6 34. exf6 c5 35. Nf1 hxg3 36. hxg3 Rh6 37. Rd2 Rxf6 38. Rh2 Bd7 39. Kd2 Bc6 40. Rh5 Bg2 41. Nh2 Kd7 42. Rh7+ Ke6 43. Rh8 Kd6 44. Rh5 Kc6 45. Ke2 Re6+ 46. Kf2 Be4 47. Nf1 Bd3 48. Nh2 Re2+ 49. Kg1 Rb2 50. Rh6+ Kc7 51. Rh7+ Kd8 52. Rg7 Rxb3 53. Nxg4 fxg4 54. Rxg4 Bxc4 0-1

[Event "Villa Constitucion op"]
[Site "Villa Constitucion"]
[Date "2018.08.31"]
[Round "2"]
[White "Lorenzini, Martin"]
[Black "Sarquis, Maria Belen"]
[Result "1/2-1/2"]
[WhiteElo "2430"]
[BlackElo "2151"]
[PlyCount "102"]
[EventDate "2018.08.31"]
[EventType "swiss"]
[EventRounds "6"]
[EventCountry "ARG"]
[SourceTitle "CBM 186 Extra"]
[Source "ChessBase"]
[SourceDate "2018.08.24"]
[SourceVersion "1"]
[SourceVersionDate "2018.08.24"]
[SourceQuality "1"]

1. e4 e5 2. Bc4 Nf6 3. d3 Bc5 4. Nf3 d6 5. c3 a5 6. 0-0 0-0 7. a4 h6 8. h3 Nc6 9. Na3 Be6 10. Qb3 Qd7 11. Bxe6 fxe6 12. Nc4 Nh5 13. Qd1 Nf4 14. d4 exd4 15. cxd4 Ba7 16. Be3 Qf7 17. Kh2 Qh5 18. Ng1 Qg6 19. g3 Nh5 20. d5 Bxe3 21. Nxe3 exd5 22. Qxd5+ Kh8 23. Ng4 Nf6 24. Nxf6 Qxf6 25. Qd2 Ra6 26. f3 Rb6 27. Rf2 Rb4 28. Kg2 Nd4 29. Ra3 Nb3 30. Qc2 Nc5 31. h4 g5 32. hxg5 hxg5 33. Nh3 Kg7 34. Rc3 Qe5 35. Re2 Ne6 36. Ree3 c6 37. Nf2 Nd4 38. Qd2 Rxa4 39. Ng4 Qe6 40. Red3 c5 41. Qxg5+ Qg6 42. Qxg6+ Kxg6 43. f4 Ra2 44. Rd2 Kf7 45. e5 Ke6 46. exd6 Kxd6 47. Ne5 b6 48. Nc4+ Kc6 49. Ne5+ Kd6 50. Rcd3 a4 51. Nf3 Kd5 1/2-1/2

[Event "Rosario"]
[Site "Rosario"]
[Date "2018.08.10"]
[Round "9"]
[White "Lorenzini, Martin"]
[Black "Di Giannantonio, Nino"]
[Result "1/2-1/2"]
[WhiteElo "2430"]
[BlackElo "2415"]
[PlyCount "30"]
[EventDate "2018.08.06"]
[EventType "tourn"]
[EventRounds "9"]
[EventCountry "ARG"]
[EventCategory "1"]
[SourceTitle "CBM 186 Extra"]
[Source "ChessBase"]
[SourceDate "2018.08.24"]
[SourceVersion "1"]
[SourceVersionDate "2018.08.24"]
[SourceQuality "1"]

1. e4 e5 2. Nf3 Nf6 3. d3 Nc6 4. Nbd2 Bc5 5. Be2 d5 6. 0-0 0-0 7. c3 a5 8. b3 Qe7 9. a3 Rd8 10. Bb2 Ba7 11. b4 axb4 12. axb4 b5 13. Qc2 Bb7 14. exd5 Nxd5 15. Rfe1 Nf4 1/2-1/2

[Event "Rosario"]
[Site "Rosario"]
[Date "2018.08.09"]
[Round "6"]
[White "Sanhueza, Cristian"]
[Black "Lorenzini, Martin"]
[Result "1/2-1/2"]
[WhiteElo "2283"]
[BlackElo "2430"]
[PlyCount "142"]
[EventDate "2018.08.06"]
[EventType "tourn"]
[EventRounds "9"]
[EventCountry "ARG"]
[EventCategory "1"]
[SourceTitle "CBM 186 Extra"]
[Source "ChessBase"]
[SourceDate "2018.08.24"]
[SourceVersion "1"]
[SourceVersionDate "2018.08.24"]
[SourceQuality "1"]

1. e4 e5 2. Nf3 Nc6 3. Nc3 Nf6 4. d4 exd4 5. Nxd4 Bc5 6. Be3 Bb6 7. Nxc6 bxc6 8. e5 Bxe3 9. fxe3 Nd5 10. Nxd5 cxd5 11. Qxd5 Qh4+ 12. Kd1 Rb8 13. Qd4 Rb4 14. Qxh4 Rxh4 15. Be2 Re4 16. Bf3 Rxe5 17. Ke2 Ke7 18. Kf2 d6 19. Rhd1 Be6 20. Rd4 Rb8 21. b3 Ra5 22. a4 Rc5 23. Rd2 Rb4 24. Re1 Rc3 25. Ree2 c5 26. Bd5 c4 27. bxc4 Rxa4 28. Rd3 Raa3 29. Red2 Bxd5 30. cxd5 Kf6 31. e4 Ke5 32. Ke3 g6 33. g4 f5 34. gxf5 gxf5 35. exf5 Rxd3+ 36. Rxd3 Ra4 37. Rb3 Rh4 38. Rb7 Rh3+ 39. Kf2 a5 40. Kg2 Rh5 41. Ra7 Rg5+ 42. Kf3 Rxf5+ 43. Kg3 Kd4 44. Rxa5 h5 45. Ra3 Kc4 46. Rd3 Re5 47. Kf3 Re1 48. Kf2 Rc1 49. Rd2 Kc3 50. Rd3+ Kc4 51. Rd2 Rh1 52. Kg2 Re1 53. Kf2 Re5 54. Kf3 Kc3 55. Re2 Rxd5 56. Kf4 Rc5 57. h4 Ra5 58. Re6 Rd5 59. Re2 Rc5 60. Rg2 d5 61. Ke5 Ra5 62. Rf2 d4+ 63. Ke4 Ra8 64. Rf3+ Kc4 65. Rf5 Ra3 66. Rxh5 Re3+ 67. Kf4 Re2 68. Rh8 Rxc2 69. Rc8+ Kd3 70. Rxc2 Kxc2 71. h5 d3 1/2-1/2

[Event "Rosario"]
[Site "Rosario"]
[Date "2018.08.08"]
[Round "4"]
[White "Muniz, Rafael"]
[Black "Lorenzini, Martin"]
[Result "0-1"]
[WhiteElo "2273"]
[BlackElo "2430"]
[PlyCount "122"]
[EventDate "2018.08.06"]
[EventType "tourn"]
[EventRounds "9"]
[EventCountry "ARG"]
[EventCategory "1"]
[SourceTitle "CBM 186 Extra"]
[Source "ChessBase"]
[SourceDate "2018.08.24"]
[SourceVersion "1"]
[SourceVersionDate "2018.08.24"]
[SourceQuality "1"]

1. e4 d5 2. exd5 Qxd5 3. Nc3 Qa5 4. Bc4 Nf6 5. d3 c5 6. Bd2 Qd8 7. Nf3 e6 8. Qe2 Nc6 9. Ne4 Be7 10. 0-0 0-0 11. c3 a6 12. a4 b6 13. Rfe1 Nxe4 14. dxe4 Bb7 15. Bf4 Qc8 16. Rad1 Rd8 17. h3 Na5 18. Ba2 Qc6 19. Rxd8+ Rxd8 20. b3 Bf6 21. Be5 Bxe5 22. Nxe5 Qd6 23. Nf3 h6 24. Qe3 Qd3 25. Qxd3 Rxd3 26. Rc1 Kf8 27. b4 Nc6 28. Bc4 Rd8 29. Rb1 cxb4 30. cxb4 Nd4 31. Kf1 Bxe4 32. Rd1 Bxf3 33. gxf3 a5 34. bxa5 bxa5 35. Kg2 Ke7 36. Rb1 Kd6 37. Rb7 Rd7 38. Rb8 Rc7 39. Bb5 Kc5 40. Bd3 Rd7 41. Bb5 Rd5 42. f4 Rf5 43. Kg3 g5 44. fxg5 hxg5 45. Be8 f6 46. Ra8 Kb6 47. Rb8+ Kc7 48. Rb2 Rf4 49. Kg2 e5 50. Rb1 Rf3 51. Rc1+ Kd8 52. Bh5 Rb3 53. Rc4 Rb4 54. Rc5 Ke7 55. Rc7+ Ke6 56. Ra7 e4 57. Be8 Kd6 58. Bb5 f5 59. Rd7+ Ke5 60. Ra7 Rb2 61. Rxa5 e3 0-1

[Event "Rosario"]
[Site "Rosario"]
[Date "2018.08.07"]
[Round "3"]
[White "Saldano Dayer, Horacio"]
[Black "Lorenzini, Martin"]
[Result "1/2-1/2"]
[WhiteElo "2402"]
[BlackElo "2430"]
[PlyCount "41"]
[EventDate "2018.08.06"]
[EventType "tourn"]
[EventRounds "9"]
[EventCountry "ARG"]
[EventCategory "1"]
[SourceTitle "CBM 186 Extra"]
[Source "ChessBase"]
[SourceDate "2018.08.24"]
[SourceVersion "1"]
[SourceVersionDate "2018.08.24"]
[SourceQuality "1"]

1. e4 c6 2. d4 d5 3. Nd2 dxe4 4. Nxe4 Nd7 5. Nf3 Ngf6 6. Nxf6+ Nxf6 7. c3 Bg4 8. h3 Bxf3 9. Qxf3 e6 10. Bc4 Bd6 11. 0-0 0-0 12. Bg5 h6 13. Bxf6 Qxf6 14. Qxf6 gxf6 15. a4 f5 16. Rfe1 Kg7 17. Kf1 Kf6 18. Ke2 a5 19. Kf3 Rg8 20. g4 fxg4+ 21. hxg4 1/2-1/2

[Event "Rosario"]
[Site "Rosario"]
[Date "2018.08.06"]
[Round "1"]
[White "Sequera Morales, Genesis G"]
[Black "Lorenzini, Martin"]
[Result "0-1"]
[WhiteElo "1676"]
[BlackElo "2430"]
[PlyCount "88"]
[EventDate "2018.08.06"]
[EventType "tourn"]
[EventRounds "9"]
[EventCountry "ARG"]
[EventCategory "1"]
[SourceTitle "CBM 186 Extra"]
[Source "ChessBase"]
[SourceDate "2018.08.24"]
[SourceVersion "1"]
[SourceVersionDate "2018.08.24"]
[SourceQuality "1"]

1. d4 Nf6 2. Nf3 e6 3. g3 c5 4. Bg2 Nc6 5. 0-0 d5 6. b3 Be7 7. Bb2 0-0 8. c4 b6 9. Nc3 Bb7 10. Rc1 Rc8 11. Na4 dxc4 12. dxc5 b5 13. Nc3 b4 14. Na4 c3 15. Nxc3 bxc3 16. Bxc3 Ne4 17. Bb2 Bxc5 18. Qc2 Nb4 19. Qb1 Nd2 20. Nxd2 Bxg2 21. Kxg2 Qxd2 22. a3 Na6 23. b4 Bd4 24. Bxd4 Qxd4 25. Rfd1 Qb6 26. Qd3 Rxc1 27. Rxc1 Rd8 28. Qc3 Nb8 29. Qc7 h6 30. Qxb6 axb6 31. Rc7 Nd7 32. f4 Kf8 33. Kf2 Ke7 34. Ke3 Ra8 35. Rc3 b5 36. Kd4 f5 37. e4 fxe4 38. Kxe4 Nf6+ 39. Ke5 Rd8 40. Rc7+ Rd7 41. Rxd7+ Nxd7+ 42. Kd4 Kd6 43. g4 g5 44. fxg5 hxg5 0-1

[Event "Parana Dos Orillas 7th"]
[Site "Parana"]
[Date "2018.08.04"]
[Round "3.2"]
[White "Mizzau, Pablo"]
[Black "Lorenzini, Martin"]
[Result "0-1"]
[WhiteElo "2076"]
[BlackElo "2430"]
[PlyCount "126"]
[EventDate "2018.08.03"]
[EventType "swiss"]
[EventRounds "6"]
[EventCountry "ARG"]
[SourceTitle "EXT 2024"]
[Source "ChessBase"]
[SourceDate "2023.10.10"]
[SourceVersion "1"]
[SourceVersionDate "2023.10.10"]
[SourceQuality "1"]

1. e4 d6 2. d4 Nf6 3. Nc3 e5 4. dxe5 dxe5 5. Qxd8+ Kxd8 6. Bc4 Ke8 7. Nf3 Bd6 8. Nd2 Nbd7 9. Nb5 Ke7 10. f3 Nb6 11. Bb3 a6 12. Nxd6 cxd6 13. Nf1 Be6 14. Be3 Nbd7 15. 0-0-0 Rac8 16. Ng3 g6 17. Rd3 Rc6 18. Rhd1 Rhc8 19. c3 Bxb3 20. axb3 Ke6 21. Kc2 b5 22. Bf2 a5 23. Nf1 Ra6 24. R3d2 Ne8 25. Ne3 f5 26. Nd5 Ndf6 27. Nxf6 Nxf6 28. Bh4 Ne8 29. Ra1 Nc7 30. g4 f4 31. Bf2 d5 32. exd5+ Nxd5 33. Re1 Rd6 34. Kc1 Ne7 35. Rxd6+ Kxd6 36. Rd1+ Ke6 37. Kc2 Nd5 38. Kd3 Nf6 39. Ra1 Rd8+ 40. Ke2 Ra8 41. Bb6 a4 42. bxa4 bxa4 43. Bc5 g5 44. h3 Nd7 45. Bb4 Nb6 46. Kd3 Rd8+ 47. Kc2 Ra8 48. h4 h6 49. hxg5 hxg5 50. Rh1 Nd5 51. Rh6+ Kf7 52. Bd6 e4 53. fxe4 Ne3+ 54. Kd3 Nxg4 55. Rh7+ Ke6 56. Bc5 Ne5+ 57. Ke2 Rb8 58. Rh6+ Kf7 59. Ba3 f3+ 60. Kf2 g4 61. Bd6 Rb6 62. Rh5 Rxd6 63. Rxe5 Rd2+ 0-1

[Event "ARG-ch 93rd"]
[Site "Villa Martelli"]
[Date "2018.07.23"]
[Round "6"]
[White "Lorenzini, Martin"]
[Black "Pichot, Alan"]
[Result "0-1"]
[WhiteElo "2423"]
[BlackElo "2564"]
[PlyCount "126"]
[EventDate "2018.07.17"]
[EventType "tourn"]
[EventRounds "13"]
[EventCountry "ARG"]
[EventCategory "8"]
[SourceTitle "CBM 186 Extra"]
[Source "ChessBase"]
[SourceDate "2018.08.24"]
[SourceVersion "1"]
[SourceVersionDate "2018.08.24"]
[SourceQuality "1"]

1. e4 c5 2. Nf3 e6 3. c3 Nf6 4. e5 Nd5 5. d4 cxd4 6. cxd4 d6 7. a3 Bd7 8. Bd3 Bc6 9. 0-0 Nd7 10. b4 a6 11. Re1 Rc8 12. Bb2 N7b6 13. Nbd2 Na4 14. Qb3 Be7 15. Rac1 Nxb2 16. Qxb2 0-0 17. Qb1 h6 18. g3 dxe5 19. dxe5 a5 20. b5 Bd7 21. Rxc8 Qxc8 22. Rc1 Qb8 23. a4 Bb4 24. Ne4 Nb6 25. Qb3 Rd8 26. Bc2 Be8 27. Rd1 Rxd1+ 28. Bxd1 Qc7 29. Bc2 Nc4 30. Nd6 Nxd6 31. exd6 Qxd6 32. Be4 b6 33. Qc4 Bc5 34. Bc2 g6 35. Qe4 Kg7 36. Bb3 Qd8 37. Kg2 Qf6 38. h4 Bd7 39. Bc2 h5 40. Qe2 Qb2 41. Ng5 Qf6 42. Nf3 Bc8 43. Be4 Qa1 44. Bc6 Qc3 45. Ng5 Be7 46. Nf3 Bf6 47. Qd1 Qc5 48. Qd3 e5 49. Bd5 Bf5 50. Qb3 Bc2 51. Qa2 Bxa4 52. Bxf7 Bxb5 53. Bxg6 Qc4 54. Qb1 Qf1+ 55. Qxf1 Bxf1+ 56. Kxf1 Kxg6 57. Ke2 a4 58. Kd3 e4+ 59. Kxe4 a3 60. Nd2 a2 61. Nb3 a1Q 62. Nxa1 Bxa1 63. f3 Bc3 0-1

[Event "ARG-ch 93rd"]
[Site "Villa Martelli"]
[Date "2018.07.22"]
[Round "5"]
[White "Perez Ponsa, Federico"]
[Black "Lorenzini, Martin"]
[Result "1/2-1/2"]
[WhiteElo "2547"]
[BlackElo "2423"]
[PlyCount "184"]
[EventDate "2018.07.17"]
[EventType "tourn"]
[EventRounds "13"]
[EventCountry "ARG"]
[EventCategory "8"]
[SourceTitle "CBM 186 Extra"]
[Source "ChessBase"]
[SourceDate "2018.08.24"]
[SourceVersion "1"]
[SourceVersionDate "2018.08.24"]
[SourceQuality "1"]

1. e4 e5 2. Nf3 d6 3. d4 Nf6 4. Nc3 Nbd7 5. Bc4 Be7 6. a4 0-0 7. 0-0 c6 8. h3 a5 9. Re1 exd4 10. Qxd4 Nc5 11. Bf4 Ne6 12. Bxe6 Bxe6 13. Rad1 d5 14. exd5 Nxd5 15. Nxd5 Qxd5 16. Qxd5 cxd5 17. Bg5 Bc5 18. Be3 Be7 19. Bd4 Rfc8 20. c3 Rc4 21. Ra1 h6 22. Ne5 Rcc8 23. Nd3 Ra6 24. Re3 Bd6 25. Ne5 Bxe5 26. Rxe5 f6 27. Re3 Kf7 28. f3 Bd7 29. Kf2 Re8 30. Rxe8 Bxe8 31. g4 b5 32. axb5 Bxb5 33. b3 a4 34. bxa4 Rxa4 35. Rb1 Ra2+ 36. Kg3 Ba6 37. Rb6 Bf1 38. Rb7+ Kg8 39. Kf4 Ra8 40. h4 Rf8 41. Rd7 Bc4 42. Rd6 Re8 43. Rd7 Rf8 44. Kg3 Rf7 45. Rd6 Re7 46. f4 Kf7 47. f5 Kg8 48. Rd8+ Kh7 49. g5 hxg5 50. hxg5 fxg5 51. Kg4 Rb7 52. Re8 Bd3 53. Kxg5 Rb2 54. Re7 Rg2+ 55. Kf4 Kg8 56. Rd7 Bc4 57. Rd8+ Kh7 58. Ke5 Re2+ 59. Kd6 Rg2 60. Ke6 Rg5 61. Re8 Bb3 62. Rb8 Bc4 63. Rb7 Kg8 64. Rb8+ Kh7 65. Rb7 Kg8 66. f6 Rg6 67. Rb8+ Kh7 68. Rb7 Kg8 69. Rb8+ Kh7 70. Rb7 Kg8 71. Rc7 Bb3 72. Rc8+ Kh7 73. Kf7 gxf6 74. Bxf6 Rg8 75. Rc5 Rg4 76. Rc8 Rg8 77. Rc7 d4+ 78. c4 d3 79. Rc5 Bd1 80. Rd5 Rg3 81. Rd8 Bh5+ 82. Ke6 Bg4+ 83. Ke5 Kg6 84. Bh4 Rg2 85. Rxd3 Re2+ 86. Kd6 Re4 87. c5 Bf5 88. Rg3+ Rg4 89. c6 Rxg3 90. Bxg3 Bg4 91. c7 Bf5 92. c8Q Bxc8 1/2-1/2

[Event "ARG-ch 93rd"]
[Site "Villa Martelli"]
[Date "2018.07.17"]
[Round "1"]
[White "Pierrot, Juan Facundo"]
[Black "Lorenzini, Martin"]
[Result "1/2-1/2"]
[WhiteElo "2389"]
[BlackElo "2423"]
[PlyCount "64"]
[EventDate "2018.07.17"]
[EventType "tourn"]
[EventRounds "13"]
[EventCountry "ARG"]
[EventCategory "8"]
[SourceTitle "CBM 186 Extra"]
[Source "ChessBase"]
[SourceDate "2018.08.24"]
[SourceVersion "1"]
[SourceVersionDate "2018.08.24"]
[SourceQuality "1"]

1. e4 d6 2. d4 Nf6 3. Nc3 e5 4. Nf3 Nbd7 5. Bc4 Be7 6. 0-0 0-0 7. Re1 c6 8. a4 exd4 9. Nxd4 Ne5 10. Ba2 Re8 11. h3 Bd7 12. Be3 Bf8 13. Nf3 h6 14. Nxe5 dxe5 15. Qf3 Bb4 16. Red1 Qe7 17. Ne2 Red8 18. Ng3 Bc5 19. Bxc5 Qxc5 20. Nh5 Qe7 21. Nxf6+ Qxf6 22. Qxf6 gxf6 23. Rd3 Be8 24. Rad1 Rxd3 25. Rxd3 Kf8 26. f3 a5 27. Kf2 b5 28. axb5 cxb5 29. c3 Ke7 30. Ke3 Rc8 31. Bd5 Rc7 32. g4 Bd7 1/2-1/2

[Event "ARG-ch sf 93rd"]
[Site "Buenos Aires"]
[Date "2018.05.23"]
[Round "5"]
[White "Lorenzini, Martin"]
[Black "Leto, Enzo"]
[Result "1-0"]
[WhiteElo "2420"]
[BlackElo "2160"]
[PlyCount "97"]
[EventDate "2018.05.19"]
[EventType "swiss"]
[EventRounds "9"]
[EventCountry "ARG"]
[SourceTitle "CBM 184 Extra"]
[Source "ChessBase"]
[SourceDate "2018.06.28"]
[SourceVersion "1"]
[SourceVersionDate "2018.06.28"]
[SourceQuality "1"]

1. e4 e6 2. d4 d5 3. Nd2 Nf6 4. e5 Nfd7 5. c3 c5 6. Bd3 Nc6 7. Ne2 cxd4 8. cxd4 f6 9. exf6 Nxf6 10. 0-0 Bd6 11. Nf3 Qc7 12. h3 0-0 13. Be3 Bd7 14. Re1 Nb4 15. Rc1 Qa5 16. Qd2 Rac8 17. Bf4 Bxf4 18. Nxf4 Rxc1 19. Rxc1 Qb6 20. Bb1 Nc6 21. Re1 Re8 22. Re3 Nxd4 23. Qxd4 Qxd4 24. Nxd4 e5 25. Nfe2 exd4 26. Rxe8+ Nxe8 27. Nxd4 Nd6 28. f4 a5 29. Kf2 a4 30. Bd3 b5 31. b3 axb3 32. axb3 b4 33. Ke3 Nb7 34. Nf3 Na5 35. Bc2 g6 36. g4 h5 37. Ne5 Be6 38. Kd4 hxg4 39. hxg4 Kg7 40. Kc5 d4 41. Kxb4 Nb7 42. g5 Nd6 43. Bxg6 Bf5 44. Bxf5 Nxf5 45. Kc5 Kf8 46. b4 Ke8 47. Nf3 Ne3 48. Kxd4 Nc2+ 49. Kc5 1-0

[Event "ARG-ch sf 93rd"]
[Site "Buenos Aires"]
[Date "2018.05.21"]
[Round "3"]
[White "Lorenzini, Martin"]
[Black "Bulcourf, Carlos"]
[Result "1-0"]
[WhiteElo "2420"]
[BlackElo "1972"]
[PlyCount "61"]
[EventDate "2018.05.19"]
[EventType "swiss"]
[EventRounds "9"]
[EventCountry "ARG"]
[SourceTitle "CBM 184 Extra"]
[Source "ChessBase"]
[SourceDate "2018.06.28"]
[SourceVersion "1"]
[SourceVersionDate "2018.06.28"]
[SourceQuality "1"]

1. e4 Nf6 2. e5 Nd5 3. d4 d6 4. c4 Nb6 5. exd6 exd6 6. Nc3 Be7 7. Bd3 Nc6 8. Nge2 0-0 9. 0-0 f5 10. b3 Bf6 11. Be3 a5 12. c5 dxc5 13. dxc5 Nb4 14. cxb6 Qxd3 15. Qxd3 Nxd3 16. Rad1 f4 17. Rxd3 fxe3 18. bxc7 Bg4 19. f3 Bf5 20. Rxe3 Ra6 21. Nd5 Rc6 22. Ne7+ Bxe7 23. Rxe7 Bd3 24. Nd4 Rd6 25. Ne6 Bxf1 26. Nxf8 Rc6 27. Re8 Rc1 28. c8Q Bc4+ 29. Kf2 Rc2+ 30. Kg3 Bd3 31. Qe6+ 1-0